Statistics for Super Mario 64, Sunshine, Galaxy, Galaxy 2, And Odyssey Levels

Click here to take the quiz!

General Stats

  • This quiz has been taken 164 times
  • The average score is 60 of 133

Answer Stats

GameLevel% Correct
SM64Bob-Omb Battlefield
91%
SMOCap Kingdom
87%
SMOMoon Kingdom
87%
SMOBowser's Kingdom
86%
SMODarker Side
86%
SMODark Side
86%
SMOSand Kingdom
86%
SMOSnow Kingdom
86%
SMOWooded Kingdom
86%
SMOSeaside Kingdom
84%
SM64Dire, Dire Docks
83%
SMOCloud Kingdom
82%
SMOLake Kingdom
82%
SMOLost Kingdom
82%
SMOCascade Kingdom
80%
SMOLuncheon Kingdom
80%
SMOMetro Kingdom
80%
SMOMushroom Kingdom
79%
SMORuined Kingdom
79%
SMGGood Egg Galaxy
78%
SM64Jolly Roger Bay
74%
SM64Whomp's Fortress
72%
SM64Snowman's Land
71%
SMGGusty Garden Galaxy
70%
SMGHoneyhive Galaxy
70%
SM64Tick Tock Clock
68%
SM64Hazy Maze Cave
67%
SM64Rainbow Ride
67%
SM64Wet-Dry World
67%
SM64Tiny-Huge Island
66%
SMSBianco Hills
64%
SM64Big Boo's Haunt
64%
SM64Cool, Cool Mountain
64%
SMSDelfino Plaza
64%
SMSPinna Park
64%
SM64Lethal Lava Land
63%
SM64Shifting Sand Land
63%
SM64Tall, Tall Mountain
63%
SMSCorona Mountain
62%
SMSGelato Beach
62%
SMSNoki Bay
62%
SMSPianta Village
62%
SMSRicco Harbor
62%
SMGToy Time Galaxy
59%
SMGBattlerock Galaxy
58%
SMGBeach Bowl Galaxy
55%
SMGSpace Junk Galaxy
55%
SMSSirena Beach
53%
SMSDelfino Airstrip
51%
SMGFreezeflame Galaxy
51%
SMGDreadnought Galaxy
46%
SMGLoopdeeloop Galaxy
46%
SMGFlipswitch Galaxy
45%
SMGGateway Galaxy
45%
SMGMelty Molten Galaxy
45%
SMGSweet Sweet Galaxy
45%
SMG2Bowser's Galaxy Generator
43%
SMGDeep Dark Galaxy
43%
SMGLoopdeeswoop Galaxy
43%
SMGRolling Green Galaxy
43%
SMGBuoy Base Galaxy
42%
SMGGhostly Galaxy
42%
SMG2Grandmaster Galaxy
42%
SMG2Throwback Galaxy
42%
SMGDusty Dune Galaxy
41%
SMGBowser's Galaxy Reactor
39%
SMGBowser Jr.'s Airship Armada
38%
SMGGold Leaf Galaxy
37%
SMGBubble Blast Galaxy
36%
SMG2Puzzle Plank Galaxy
36%
SMG2Sky Station Galaxy
36%
SMG2Yoshi Star Galaxy
36%
SMGHoneyclimb Galaxy
34%
SMGMatter Splatter Galaxy
34%
SMGBonefin Galaxy
33%
SMGSea Slide Galaxy
33%
SMGBubble Breeze Galaxy
32%
SMG2Chompworks Galaxy
32%
SMG2Melty Monster Galaxy
32%
SMGRolling Gizmo Galaxy
32%
SMG2Supermassive Galaxy
32%
SMG2Boss Blitz Galaxy
30%
SMG2Cosmic Cove Galaxy
29%
SMGSnow Cap Galaxy
29%
SMGBigmouth Galaxy
28%
SMG2Cloudy Court Galaxy
28%
SMG2Flipsville Galaxy
28%
SMG2Rolling Masterpiece Galaxy
28%
SMG2Shiverburn Galaxy
28%
SMGSling Pod Galaxy
28%
SMG2Battle Belt Galaxy
26%
SMG2Beat Block Galaxy
26%
SMGBowser Jr.'s Robot Reactor
26%
SMG2Clockwork Ruins Galaxy
26%
SMGDrip Drop Galaxy
26%
SMG2Flip-Swap Galaxy
26%
SMGGrand Finale Galaxy
26%
SMG2Mario Squared Galaxy
26%
SMG2Fluffy Bluff Galaxy
25%
SMG2Hightail Falls Galaxy
25%
SMGHurry-Scurry Galaxy
25%
SMG2Tall Trunk Galaxy
25%
SMGBoo's Boneyard Galaxy
24%
SMGBowser Jr.'s Lava Reactor
24%
SMGBowser's Star Reactor
24%
SMG2Haunty Halls Galaxy
24%
SMG2Slimy Spring Galaxy
24%
SMG2Boo Moon Galaxy
22%
SMG2Flash Black Galaxy
22%
SMG2Honeyhop Galaxy
22%
SMG2Rightside Down Galaxy
22%
SMG2Starshine Beach Galaxy
22%
SMG2Twisty Trials Galaxy
22%
SMG2Upside Dizzy Galaxy
22%
SMG2Wild Glide Galaxy
22%
SMG2Boulder Bowl Galaxy
21%
SMGBowser's Dark Matter Plant
21%
SMGSand Spiral Galaxy
21%
SMG2Stone Cyclone Galaxy
21%
SMG2Bowser Jr.'s Fiery Flotilla
20%
SMG2Fleet Glide Galaxy
20%
SMG2Flip-Out Galaxy
20%
SMG2Freezy Flake Galaxy
20%
SMG2Honeybloom Galaxy
20%
SMG2Spin-Dig Galaxy
20%
SMG2Bowser Jr.'s Fearsome Fleet
18%
SMG2Sweet Mystery Galaxy
18%
SMG2Bowser Jr.'s Boom Bunker
17%
SMG2Bowser's Gravity Gauntlet
17%
SMG2Slipsand Galaxy
17%
SMG2Space Storm Galaxy
17%
SMG2Bowser's Lava Lair
16%
SMG2Rolling Coaster Galaxy
16%

Score Distribution

Percentile by Number Answered

Percent of People with Each Score

Your Score History

You have not taken this quiz